Ξένοι ταξιδιώτες στην Ελλάδα : δημόσιος και ιδιωτικός βίος, λαϊκός πολιτισμός, εκκλησία και οικονομική ζωή, από τα περιηγητικά χρόνια
Αποθηκεύτηκε σε:
| Κύριος συγγραφέας: | |
|---|---|
| Μορφή: | Βιβλίο |
| Γλώσσα: | Greek |
| Δημοσίευση: |
Αθήνα :
1984
|
| Έκδοση: | 4η έκδ. |
| Θέματα: | |
| Ετικέτες: |
Προσθήκη ετικέτας
Δεν υπάρχουν, Καταχωρήστε ετικέτα πρώτοι!
|
MARC
| LEADER | 00000nam a2200000 i 4500 | ||
|---|---|---|---|
| 001 | 1/68201 | ||
| 008 | 961018s1984 gre d | ||
| 035 | |l 10030150 | ||
| 040 | |a GR-MY-UA |b gre |e aacr | ||
| 041 | 0 | |a gre | |
| 082 | 0 | |a 914.95 | |
| 100 | 1 | |a Σιμόπουλος, Κυριάκος, |d 1921-2001. | |
| 245 | 1 | 0 | |a Ξένοι ταξιδιώτες στην Ελλάδα : |b δημόσιος και ιδιωτικός βίος, λαϊκός πολιτισμός, εκκλησία και οικονομική ζωή, από τα περιηγητικά χρόνια |
| 250 | |a 4η έκδ. | ||
| 260 | |a Αθήνα : |c 1984 | ||
| 651 | 0 | |a Greece |x Description and travel |y Early works to 1800. | |
| 651 | 0 | |a Greece |x Description and travel. | |
| 852 | |a INST |b CHIOS |e 19961018 |h 914.95 ΣΙΜ |p 005200011292 |q 005200011292 |t BK |y 0 |z τ.3β | ||
| 852 | |a INST |b CHIOS |e 19961018 |h 914.95 ΣΙΜ |p 005200011293 |q 005200011293 |t BK |y 0 |z τ.3α | ||
| 852 | |a INST |b CHIOS |e 19961018 |h 914.95 ΣΙΜ |p 005200011294 |q 005200011294 |t BK |y 0 |z τ.1 | ||
| 852 | |a INST |b CHIOS |e 19990517 |h 914.95 ΣΙΜ |p 005200014346 |q 005200014346 |t BK |y 0 |z τ.2 | ||
| 852 | |a INST |b CHIOS |e 19990517 |h 914.95 ΣΙΜ |p 005200014347 |q 005200014347 |t BK |y 0 |z τ.3α | ||
| 852 | |a INST |b CHIOS |e 19990517 |h 914.95 ΣΙΜ |p 005200014348 |q 005200014348 |t BK |y 0 |z τ.3β | ||
| 852 | |a INST |b CHIOS |e 19990517 |h 914.95 ΣΙΜ |p 005200014349 |q 005200014349 |t BK |y 0 |z τ.1 | ||
| 852 | |a INST |b CHIOS |e 19961018 |h 914.95 ΣΙΜ |p 005200011292 |q 005200011292 |t BK |v τ.3β: |y 0 |z τ.3β | ||
| 852 | |a INST |b CHIOS |e 19961018 |h 914.95 ΣΙΜ |p 005200011293 |q 005200011293 |t BK |v τ.3α: |y 0 |z τ.3α | ||
| 852 | |a INST |b CHIOS |e 19961018 |h 914.95 ΣΙΜ |p 005200011294 |q 005200011294 |t BK |v τ.1: |y 0 |z τ.1 | ||
| 852 | |a INST |b CHIOS |e 19990517 |h 914.95 ΣΙΜ |p 005200014346 |q 005200014346 |t BK |v τ.2: |y 0 |z τ.2 | ||
| 852 | |a INST |b CHIOS |e 19990517 |h 914.95 ΣΙΜ |p 005200014347 |q 005200014347 |t BK |v τ.3α: |y 0 |z τ.3α | ||
| 852 | |a INST |b CHIOS |e 19990517 |h 914.95 ΣΙΜ |p 005200014348 |q 005200014348 |t BK |v τ.3β: |y 0 |z τ.3β | ||
| 852 | |a INST |b CHIOS |e 19990517 |h 914.95 ΣΙΜ |p 005200014349 |q 005200014349 |t BK |v τ.1: |y 0 |z τ.1 | ||
| 853 | |a INST |b CHIOS |h 914.95 ΣΙΜ | ||
| 909 | |a Χ |b 047545 | ||
| 909 | |a Χ |b 047546 | ||
| 909 | |a Χ |b 047547 | ||
| 909 | |a Χ |b 055786 | ||
| 909 | |a Χ |b 055787 | ||
| 909 | |a X |b 055788 | ||
| 909 | |a Χ |b 055789 | ||
| 922 | |a 2ΔΩΡ |b 199905 |c ΜΕΤΑΠΤΥΧΙΑΚΟ ΤΟΥΡΙΣΜΟΥ | ||